[Event "NATO-ch 30th"]
[Site "Berlin"]
[Date "2019.09.18"]
[Round "4.12"]
[White "Sypien, Mateusz"]
[Black "Parker, Glen"]
[Result "1-0"]
[WhiteElo "2243"]
[BlackElo "2014"]
[PlyCount "93"]
[EventDate "2019.09.14"]
[EventType "team-swiss"]
[EventRounds "7"]
[EventCountry "GER"]
[SourceTitle "EXT 2020"]
[Source "ChessBase"]
[SourceDate "2019.10.17"]
[SourceVersion "1"]
[SourceVersionDate "2019.10.17"]
[SourceQuality "1"]
[WhiteTeam "Poland"]
[BlackTeam "Great Britain"]
[WhiteTeamCountry "POL"]
[BlackTeamCountry "GBR"]

1. e4 e5 2. Nf3 Nc6 3. d4 exd4 4. Bc4 Bc5 5. c3 dxc3 6. Bxf7+ Kf8 7. Bb3 d6 8. Nxc3 Bg4 9. h3 Bxf3 10. Qxf3+ Qf6 11. Qg3 Nd4 12. 0-0 Nxb3 13. axb3 Ne7 14. Be3 Bd4 15. Bxd4 Qxd4 16. Rfd1 Qb4 17. e5 Rd8 18. exd6 Rxd6 19. Rxd6 Qxd6 20. Qf3+ Qf6 21. Qxb7 Kf7 22. Qxc7 Rc8 23. Qxa7 Qe6 24. b4 Kf8 25. b5 Rc4 26. Qa8+ Qc8 27. Qf3+ Qf5 28. Qxf5+ Nxf5 29. Ra4 Rxa4 30. Nxa4 Ke7 31. Kf1 Kd6 32. Ke1 Nh4 33. g3 Nf3+ 34. Kd1 g5 35. b6 h5 36. b7 Kc7 37. Nc5 h4 38. Ke2 Ng1+ 39. Kf1 Nf3 40. b3 Kb8 41. b4 Ka7 42. b5 Kb8 43. b6 Nd2+ 44. Kg2 Nc4 45. gxh4 gxh4 46. f4 Ne5 47. Na6+ 1-0

[Event "NATO-ch 29th"]
[Site "Lubbock"]
[Date "2018.06.04"]
[Round "1"]
[White "Pirs, Matjaz1111"]
[Black "Sypien, Mateusz"]
[Result "0-1"]
[WhiteElo "1983"]
[BlackElo "2248"]
[PlyCount "116"]
[EventDate "2018.06.04"]
[EventType "swiss"]
[EventRounds "7"]
[EventCountry "USA"]
[SourceTitle "EXT 2019"]
[Source "ChessBase"]
[SourceDate "2018.10.10"]
[SourceVersion "1"]
[SourceVersionDate "2018.10.10"]
[SourceQuality "1"]

1. Nf3 Nf6 2. d4 g6 3. g3 Bg7 4. Bg2 d6 5. 0-0 0-0 6. c4 Nbd7 7. Nc3 e5 8. dxe5 dxe5 9. Qc2 c6 10. Rd1 Qe7 11. e4 Re8 12. h3 Nc5 13. Be3 a5 14. b3 Nh5 15. Bxc5 Qxc5 16. Na4 Qe7 17. Nb6 Rb8 18. Nxc8 Rbxc8 19. Nh2 Qc5 20. Nf1 b5 21. Rac1 b4 22. Qe2 Bh6 23. Rb1 Ng7 24. Nh2 Ne6 25. Nf3 Re7 26. h4 Rce8 27. Qc2 Bg7 28. Rd2 Qb6 29. Rbd1 Nc5 30. Re2 Ra7 31. Kh2 a4 32. Red2 axb3 33. axb3 Ra3 34. Rb1 Rea8 35. Rb2 Ra1 36. Ng1 Bh6 37. Rd1 Rxd1 38. Qxd1 Rd8 39. Qf1 Bd2 40. Qb1 Bc3 41. Ra2 Rd3 42. Bf1 Rd4 43. Bg2 Qd8 44. Bf3 Rd2 45. Kg2 Kg7 46. h5 Qd3 47. Qxd3 Rxd3 48. Ra7 Nxb3 49. h6+ Kxh6 50. Rxf7 Nd4 51. g4 Ne6 52. Nh3 b3 53. Rb7 b2 54. c5 g5 55. Be2 Rxh3 56. Bc4 Nf4+ 57. Kg1 Bd4 58. Rb6 Rc3 0-1

[Event "NATO-ch 27th"]
[Site "Shrivenham"]
[Date "2016.08.25"]
[Round "6"]
[White "Sypien, Mateusz"]
[Black "Marquardt, Christian"]
[Result "1-0"]
[WhiteElo "2251"]
[BlackElo "2099"]
[PlyCount "58"]
[EventDate "2016.08.22"]
[EventType "swiss"]
[EventRounds "7"]
[EventCountry "ENG"]
[SourceTitle "EXT 2018"]
[Source "ChessBase"]
[SourceDate "2017.10.13"]
[SourceVersion "1"]
[SourceVersionDate "2017.10.13"]
[SourceQuality "1"]

1. c4 Nf6 2. Nf3 g6 3. Nc3 Bg7 4. e4 d6 5. d4 0-0 6. Be2 e5 7. 0-0 Nc6 8. d5 Ne7 9. b4 Nh5 10. Re1 Nf4 11. Bf1 f5 12. Bxf4 exf4 13. Rc1 a5 14. b5 fxe4 15. Nxe4 h6 16. c5 b6 17. cxd6 cxd6 18. Nd4 Bxd4 19. Qxd4 Nf5 20. Qd2 g5 21. Bd3 Bd7 22. Qb2 Rc8 23. a4 Kf7 24. Qa3 Rxc1 25. Rxc1 Qe7 26. Rc7 Rc8 27. Rb7 Rd8 28. Rxb6 Bc8 29. Qc3 Bb7 1-0

[Event "NATO-ch 27th"]
[Site "Shrivenham"]
[Date "2016.08.24"]
[Round "4"]
[White "Sypien, Mateusz"]
[Black "Mestek, Igor"]
[Result "1-0"]
[WhiteElo "2251"]
[BlackElo "2077"]
[PlyCount "137"]
[EventDate "2016.08.22"]
[EventType "swiss"]
[EventRounds "7"]
[EventCountry "ENG"]
[SourceTitle "EXT 2018"]
[Source "ChessBase"]
[SourceDate "2017.10.13"]
[SourceVersion "1"]
[SourceVersionDate "2017.10.13"]
[SourceQuality "1"]

1. e4 c5 2. Nc3 a6 3. g3 b5 4. Bg2 Bb7 5. d3 e6 6. Nh3 Qc7 7. 0-0 b4 8. Ne2 Nf6 9. Nef4 d6 10. Re1 Be7 11. c3 bxc3 12. bxc3 0-0 13. d4 d5 14. e5 Ne4 15. Bxe4 dxe4 16. Be3 Nd7 17. Qg4 Rfe8 18. Ng5 Bxg5 19. Qxg5 f6 20. exf6 Nxf6 21. Qxc5 Qxc5 22. dxc5 Nd5 23. Rab1 Bc6 24. Nxd5 Bxd5 25. a3 Rab8 26. Rb6 a5 27. Reb1 Rbc8 28. Ra6 Ra8 29. Rab6 Rec8 30. Bd4 Rc7 31. Rd6 h6 32. Rbb6 a4 33. Rb4 Kf7 34. Be5 Raa7 35. Rd8 Rxc5 36. Bd4 Rac7 37. Bxc5 Rxc5 38. Rxa4 Rxc3 39. Kf1 Rc2 40. Rd4 Ra2 41. Rd7+ Kf6 42. Ra7 Ra1+ 43. Ke2 Ke5 44. Rd1 Bc4+ 45. Kd2 Ra2+ 46. Kc3 Bd5 47. Rd2 Ra1 48. Rb2 g6 49. Ra5 g5 50. Ra7 h5 51. Kb4 Kf5 52. Rh7 Kg6 53. Rc7 Rh1 54. Kc5 Rxh2 55. Kd4 Kf6 56. Rb8 Kf5 57. Rf8+ Kg4 58. Rg7 h4 59. Rfg8 hxg3 60. Rxg5+ Kf3 61. Rf8+ Ke2 62. Rxg3 Rh7 63. Re3+ Kf1 64. a4 Ra7 65. Ra3 Ke2 66. Rb8 Kf1 67. Rb2 Rf7 68. f3 exf3 69. Ra1# 1-0

[Event "NATO-ch 25th"]
[Site "Quebec"]
[Date "2014.09.12"]
[Round "7"]
[White "Papista, Akos"]
[Black "Sypien, Mateusz"]
[Result "1/2-1/2"]
[WhiteElo "2168"]
[BlackElo "2257"]
[PlyCount "56"]
[EventDate "2014.09.08"]
[EventType "team-swiss"]
[EventRounds "7"]
[EventCountry "CAN"]
[SourceTitle "EXT 2015"]
[Source "ChessBase"]
[SourceDate "2014.11.20"]
[SourceVersion "1"]
[SourceVersionDate "2014.11.20"]
[SourceQuality "1"]
[WhiteTeam "Hungary"]
[BlackTeam "Poland"]
[WhiteTeamCountry "HUN"]
[BlackTeamCountry "POL"]

1. e4 e5 2. Nf3 d6 3. d4 exd4 4. Nxd4 Nf6 5. Nc3 Be7 6. Be2 0-0 7. Bf4 Nbd7 8. Qd2 Nc5 9. Bf3 Ne6 10. Be3 Nxd4 11. Qxd4 Ng4 12. Bxg4 Bxg4 13. Nd5 Be6 14. Nxe7+ Qxe7 15. 0-0 a6 16. Rad1 Rad8 17. a3 Rfe8 18. Bf4 Bd7 19. f3 h6 20. b4 Bc6 21. c4 Qh4 22. Bg3 Qg5 23. Qf2 Qe7 24. Qc2 Qg5 25. Qf2 Qh5 26. Rd2 b6 27. h3 a5 28. Rc1 axb4 1/2-1/2

[Event "NATO-ch 23nd"]
[Site "Brest"]
[Date "2012.10.05"]
[Round "7"]
[White "Sypien, Mateusz"]
[Black "Guidez, Yann Michael"]
[Result "1/2-1/2"]
[WhiteElo "2269"]
[BlackElo "2262"]
[PlyCount "37"]
[EventDate "2012.10.01"]
[EventType "swiss"]
[EventRounds "7"]
[EventCountry "FRA"]
[SourceTitle "CBM 150 Extra"]
[Source "ChessBase"]
[SourceDate "2012.10.19"]
[SourceVersion "1"]
[SourceVersionDate "2012.10.19"]
[SourceQuality "1"]

1. c4 e5 2. Nc3 Nf6 3. g3 d5 4. cxd5 Nxd5 5. Bg2 Nb6 6. Nf3 Nc6 7. d3 Be7 8. 0-0 0-0 9. Be3 Bg4 10. h3 Bh5 11. g4 Bg6 12. d4 exd4 13. Nxd4 Nxd4 14. Bxd4 c6 15. e4 f6 16. b3 Bf7 17. Be3 Qxd1 18. Rfxd1 Rfd8 19. f4 1/2-1/2

[Event "NATO-ch 23nd"]
[Site "Brest"]
[Date "2012.10.04"]
[Round "5"]
[White "Pedersen, Finn"]
[Black "Sypien, Mateusz"]
[Result "1/2-1/2"]
[WhiteElo "2291"]
[BlackElo "2269"]
[PlyCount "108"]
[EventDate "2012.10.01"]
[EventType "swiss"]
[EventRounds "7"]
[EventCountry "FRA"]
[SourceTitle "CBM 150 Extra"]
[Source "ChessBase"]
[SourceDate "2012.10.19"]
[SourceVersion "1"]
[SourceVersionDate "2012.10.19"]
[SourceQuality "1"]

1. g3 Nf6 2. Bg2 g6 3. c4 Bg7 4. Nc3 0-0 5. e3 e5 6. Nge2 c6 7. d4 d6 8. b3 Re8 9. dxe5 dxe5 10. 0-0 Bf5 11. e4 Be6 12. h3 Na6 13. Be3 Qe7 14. a3 Nh5 15. Qc2 f5 16. Bc1 Qf7 17. f3 f4 18. g4 Nf6 19. Bb2 Nd7 20. Rac1 h5 21. Nd1 hxg4 22. fxg4 Rad8 23. b4 Nb6 24. c5 Nc4 25. Rf2 Bf6 26. Bf1 Bh4 27. Rf3 Rd2 28. Qc3 g5 29. Nxf4 gxf4 30. Bxc4 Rxd1+ 31. Rxd1 Bxc4 32. Qc2 Bf6 33. Rd6 Be6 34. Bc3 Nc7 35. a4 Bg7 36. Qb2 Bc4 37. Kg2 Ne6 38. Bxe5 Ng5 39. Bxg7 Nxf3 40. Kxf3 Qxg7 41. Qxg7+ Kxg7 42. Rd7+ Kf6 43. Kxf4 Bb3 44. Rxb7 Bxa4 45. Rxa7 Bc2 46. g5+ Kg6 47. e5 Rf8+ 48. Ke3 Kxg5 49. h4+ Kxh4 50. Ra6 Rc8 51. Kf4 Rf8+ 52. Ke3 Rc8 53. Kf4 Rf8+ 54. Ke3 Rc8 1/2-1/2

[Event "NATO-ch 23nd"]
[Site "Brest"]
[Date "2012.10.02"]
[Round "3"]
[White "Onley, David E"]
[Black "Sypien, Mateusz"]
[Result "0-1"]
[WhiteElo "2107"]
[BlackElo "2269"]
[PlyCount "76"]
[EventDate "2012.10.01"]
[EventType "swiss"]
[EventRounds "7"]
[EventCountry "FRA"]
[SourceTitle "CBM 150 Extra"]
[Source "ChessBase"]
[SourceDate "2012.10.19"]
[SourceVersion "1"]
[SourceVersionDate "2012.10.19"]
[SourceQuality "1"]

1. e4 c5 2. Nf3 Nc6 3. Bb5 Qc7 4. 0-0 a6 5. Bxc6 Qxc6 6. d4 cxd4 7. Qxd4 e6 8. Nc3 Qc7 9. Bg5 f6 10. Bh4 Bc5 11. Qd3 Ne7 12. Bg3 e5 13. Na4 d6 14. Nd2 Be6 15. Nxc5 dxc5 16. f4 Rd8 17. Qe3 exf4 18. Bxf4 Qc6 19. Nb3 b6 20. Qg3 0-0 21. Rad1 Ng6 22. Bc7 Rxd1 23. Rxd1 Qxe4 24. Bxb6 Qxc2 25. Rc1 Qxb2 26. Bxc5 Rc8 27. Qf2 Qe5 28. Re1 Qd5 29. Qe3 Ne5 30. Qd4 Qc6 31. Rc1 Qb5 32. Qd6 Bxb3 33. axb3 Qd7 34. Ra1 Qf5 35. b4 Nd3 36. Qxa6 Rxc5 37. bxc5 Qxc5+ 38. Kh1 Nf2+ 0-1

[Event "Polanica Zdroj op-B 48th"]
[Site "Polanica Zdroj"]
[Date "2012.08.26"]
[Round "9"]
[White "Stachowiak, Kamil"]
[Black "Sypien, Mateusz"]
[Result "1/2-1/2"]
[WhiteElo "2433"]
[BlackElo "2272"]
[PlyCount "61"]
[EventDate "2012.08.18"]
[EventType "swiss"]
[EventRounds "9"]
[EventCountry "POL"]
[SourceTitle "EXT 2014"]
[Source "ChessBase"]
[SourceDate "2013.11.20"]
[SourceVersion "1"]
[SourceVersionDate "2013.11.20"]
[SourceQuality "1"]

1. d4 Nf6 2. Nf3 g6 3. c4 Bg7 4. g3 d6 5. Bg2 0-0 6. 0-0 Nbd7 7. Nc3 e5 8. e4 c6 9. h3 Qb6 10. c5 dxc5 11. dxe5 Ne8 12. e6 fxe6 13. Ng5 Ne5 14. f4 Nf7 15. Nxf7 Bd4+ 16. Kh2 Rxf7 17. e5 Nc7 18. a4 a5 19. Ne4 Nd5 20. h4 Qd8 21. Ra3 b6 22. Qg4 Rg7 23. h5 gxh5 24. Qxh5 Ba6 25. Re1 Qe7 26. Ng5 Rf8 27. Be4 Rxg5 28. fxg5 Rf2+ 29. Kh1 Qf7 30. Qxf7+ Rxf7 31. g6 1/2-1/2

[Event "Polanica Zdroj op-B 48th"]
[Site "Polanica Zdroj"]
[Date "2012.08.21"]
[Round "4"]
[White "Sypien, Mateusz"]
[Black "Suliborski, Jakub"]
[Result "1-0"]
[WhiteElo "2272"]
[BlackElo "2013"]
[PlyCount "57"]
[EventDate "2012.08.18"]
[EventType "swiss"]
[EventRounds "9"]
[EventCountry "POL"]
[SourceTitle "EXT 2014"]
[Source "ChessBase"]
[SourceDate "2013.11.20"]
[SourceVersion "1"]
[SourceVersionDate "2013.11.20"]
[SourceQuality "1"]

1. e4 c5 2. Nc3 Nc6 3. g3 d6 4. Bg2 g6 5. d3 Bg7 6. Be3 Nf6 7. h3 Rb8 8. Nge2 b5 9. Qd2 e5 10. 0-0 0-0 11. f4 Nd4 12. g4 Kh8 13. f5 Ng8 14. Ng3 Qh4 15. Nh1 f6 16. Nd5 Bb7 17. c3 Nc6 18. Qe2 Nge7 19. Bf2 Qh6 20. Ne3 g5 21. Ng3 Rfd8 22. Nh5 b4 23. Nd5 Nxd5 24. exd5 Ne7 25. c4 Kg8 26. Be3 Bc8 27. h4 Rf8 28. Be4 Bd7 29. Qd2 1-0

[Event "Polanica Zdroj op-B 48th"]
[Site "Polanica Zdroj"]
[Date "2012.08.18"]
[Round "1"]
[White "Tomaszewski, Kacper"]
[Black "Sypien, Mateusz"]
[Result "1-0"]
[WhiteElo "1939"]
[BlackElo "2272"]
[PlyCount "51"]
[EventDate "2012.08.18"]
[EventType "swiss"]
[EventRounds "9"]
[EventCountry "POL"]
[SourceTitle "EXT 2014"]
[Source "ChessBase"]
[SourceDate "2013.11.20"]
[SourceVersion "1"]
[SourceVersionDate "2013.11.20"]
[SourceQuality "1"]

1. d4 Nf6 2. c4 g6 3. Nc3 Bg7 4. e4 d6 5. Be2 0-0 6. Nf3 Nbd7 7. 0-0 e5 8. Re1 c6 9. Bf1 Qe7 10. b3 exd4 11. Nxd4 Nc5 12. f3 Nh5 13. Be3 Qe5 14. Nde2 Ne6 15. Qd2 Rd8 16. Rac1 f5 17. f4 Qf6 18. g3 Nc5 19. Bg2 fxe4 20. b4 Ne6 21. g4 Nhxf4 22. Nxf4 Nxf4 23. Nxe4 Qf8 24. Bxf4 d5 25. Bg5 Rd7 26. Nc5 1-0

[Event "NATO-ch 20th"]
[Site "Hammelburg"]
[Date "2009.06.18"]
[Round "6"]
[White "Wantiez, Fabrice"]
[Black "Sypien, Mateusz"]
[Result "1/2-1/2"]
[WhiteElo "2339"]
[BlackElo "2245"]
[PlyCount "82"]
[EventDate "2009.06.15"]
[EventType "swiss"]
[EventRounds "7"]
[EventCountry "GER"]
[SourceTitle "CBM 130 Extra"]
[Source "ChessBase"]
[SourceDate "2009.07.02"]
[SourceVersion "2"]
[SourceVersionDate "2009.07.15"]
[SourceQuality "1"]

1. e4 c5 2. Nc3 Nc6 3. Bb5 Nd4 4. Nf3 Nxb5 5. Nxb5 d6 6. d4 Qa5+ 7. Nc3 cxd4 8. Nxd4 Nf6 9. Nb3 Qc7 10. Bg5 e6 11. Qd3 a6 12. a4 b6 13. Qf3 Nd7 14. Rd1 Bb7 15. 0-0 Nc5 16. Rfe1 h6 17. Nd5 Bxd5 18. exd5 e5 19. Nxc5 hxg5 20. Ne4 Be7 21. c4 Qd7 22. Qe3 Qd8 23. a5 f5 24. Nc3 bxa5 25. c5 0-0 26. c6 g4 27. Qd3 Qb6 28. Na4 Qb5 29. Qc2 g6 30. Re3 Rfc8 31. h3 gxh3 32. Rxh3 Kg7 33. Rg3 Kf7 34. Rc3 Rc7 35. Ra1 Rb8 36. Qd2 Rh8 37. Raa3 Qb4 38. Nc5 Qd4 39. Nb3 Qe4 40. Re3 Qf4 41. Qxa5 Bd8 1/2-1/2

[Event "NATO-ch 20th"]
[Site "Hammelburg"]
[Date "2009.06.15"]
[Round "1"]
[White "Demjen, Attila"]
[Black "Sypien, Mateusz"]
[Result "0-1"]
[WhiteElo "2046"]
[BlackElo "2245"]
[PlyCount "78"]
[EventDate "2009.06.15"]
[EventType "swiss"]
[EventRounds "7"]
[EventCountry "GER"]
[SourceTitle "CBM 130 Extra"]
[Source "ChessBase"]
[SourceDate "2009.07.02"]
[SourceVersion "2"]
[SourceVersionDate "2009.07.15"]
[SourceQuality "1"]

1. e4 c5 2. c3 d5 3. exd5 Qxd5 4. d4 Nf6 5. Nf3 Bg4 6. Be2 e6 7. 0-0 cxd4 8. cxd4 Nc6 9. Nc3 Qa5 10. Be3 Be7 11. Qb3 Qb4 12. Qxb4 Bxb4 13. Rfd1 0-0 14. a3 Ba5 15. b4 Bb6 16. h3 Bh5 17. Na4 Nd5 18. Nc5 Bxc5 19. dxc5 Nc3 20. Re1 Nxe2+ 21. Rxe2 Ne5 22. Bf4 Nxf3+ 23. gxf3 Bxf3 24. Rd2 Bd5 25. Kh2 f6 26. Bd6 Rfd8 27. Rg1 Kf7 28. Kg3 Rac8 29. f3 b6 30. Re1 g5 31. Rxd5 exd5 32. Re7+ Kg6 33. Bc7 Re8 34. Rxe8 Rxe8 35. cxb6 axb6 36. Bxb6 Ra8 37. Ba5 f5 38. Kf2 f4 39. Ke2 Re8+ 0-1

[Event "NATO-ch 19th"]
[Site "Brussels"]
[Date "2008.08.07"]
[Round "6"]
[White "Sypien, Mateusz"]
[Black "Wantiez, Fabrice"]
[Result "1/2-1/2"]
[WhiteElo "2217"]
[BlackElo "2315"]
[PlyCount "73"]
[EventDate "2008.08.04"]
[EventType "swiss"]
[EventRounds "7"]
[EventCountry "BEL"]
[SourceTitle "EXT 2015"]
[Source "ChessBase"]
[SourceDate "2014.11.20"]
[SourceVersion "1"]
[SourceVersionDate "2014.11.20"]
[SourceQuality "1"]

1. c4 Nf6 2. Nc3 d5 3. cxd5 Nxd5 4. g3 g6 5. Bg2 Nb6 6. d3 Bg7 7. Be3 Nc6 8. Qd2 Nd4 9. Nf3 e5 10. 0-0 0-0 11. Bh6 Re8 12. Bxg7 Kxg7 13. Nxd4 exd4 14. Ne4 Qe7 15. Rac1 c6 16. Rfe1 Be6 17. Nc5 Red8 18. Nxe6+ Qxe6 19. Qa5 Qf6 20. Rc2 Re8 21. Kf1 Re5 22. Rc5 Re7 23. Qb4 Rae8 24. Rcc1 h5 25. Qd2 Re5 26. Kg1 Qe7 27. Bf3 c5 28. e4 dxe3 29. Rxe3 Rxe3 30. Qxe3 Qxe3 31. fxe3 Rxe3 32. Bxb7 Rxd3 33. Rxc5 Rd1+ 34. Kg2 Rd2+ 35. Kg1 Rxb2 36. Ra5 Na4 37. Bd5 1/2-1/2